Citizen and Subject: contemporary Africa and the legacy of late colonialism (Record no. 290)

MARC details
000 -LEADER
fixed length control field 00496nam a2200169Ia 4500
008 - FIXED-LENGTH DATA ELEMENTS--GENERAL INFORMATION
fixed length control field 240428s9999||||xx |||||||||||||| ||und||
020 ## - INTERNATIONAL STANDARD BOOK NUMBER
International Standard Book Number 0852553994
041 ## - LANGUAGE CODE
Language code of text/sound track or separate title eng
082 ## - DEWEY DECIMAL CLASSIFICATION NUMBER
Classification number 325.3M
100 ## - MAIN ENTRY--PERSONAL NAME
Personal name Mamdani, Mahmood
245 #0 - TITLE STATEMENT
Title Citizen and Subject: contemporary Africa and the legacy of late colonialism
260 ## - PUBLICATION, DISTRIBUTION, ETC.
Name of publisher, distributor, etc. Princeton University Press
Place of publication, distribution, etc. New Jersey
Date of publication, distribution, etc. 1996
300 ## - PHYSICAL DESCRIPTION
Extent xii, 353p: tabs;
650 ## - SUBJECT ADDED ENTRY--TOPICAL TERM
Topical term or geographic name entry element The legacy of late colonialism - Discrimination
942 ## - ADDED ENTRY ELEMENTS (KOHA)
Koha item type Books
Holdings
Withdrawn status Lost status Damaged status Not for loan Home library Current library Shelving location Date acquired Total checkouts Full call number Date last seen Copy number Price effective from Koha item type
        Main Library Main Library Open Shelves 20/08/2021   325.3M 692 C1 29/04/2024 1 29/04/2024 Books
©2026  Parliament of Ghana Library - All rights reserved